| Tag |
First Indicator |
Second Indicator |
Subfields |
| LEADER |
00000cam a22000004a 4500 |
| 001 |
in00001663201 |
| 005 |
20151024121150.0 |
| 008 |
010501s2001 enk b 001 0 eng |
| 010 |
|
|
|a 2001032915
|
| 020 |
|
|
|a 0745626580
|
| 020 |
|
|
|a 0745626599 (pbk.)
|
| 035 |
|
|
|a (OCoLC)ocm46937598
|
| 040 |
|
|
|a DLC
|c DLC
|d TXA
|d UtOrBLW
|
| 042 |
|
|
|a pcc
|
| 049 |
|
|
|a TXAM
|
| 050 |
0 |
0 |
|a JC311
|b .S5392 2001
|
| 082 |
0 |
0 |
|a 320.54
|2 21
|
| 100 |
1 |
|
|a Smith, Anthony D.
|
| 245 |
1 |
0 |
|a Nationalism :
|b theory, ideology, history /
|c Anthony D. Smith.
|
| 264 |
|
1 |
|a Cambridge :
|b Polity Press ;
|a Malden, MA :
|b Blackwell,
|c 2001.
|
| 300 |
|
|
|a viii, 182 pages ;
|c 22 cm.
|
| 336 |
|
|
|a text
|b txt
|2 rdacontent
|
| 337 |
|
|
|a unmediated
|b n
|2 rdamedia
|
| 338 |
|
|
|a volume
|b nc
|2 rdacarrier
|
| 490 |
1 |
|
|a Key concepts
|
| 504 |
|
|
|a Includes bibliographic references (pages [160]-177) and index.
|
| 650 |
|
0 |
|a Nationalism.
|
| 830 |
|
0 |
|a Key concepts (Polity Press)
|
| 948 |
|
|
|a cataloged
|b h
|c 2002/2/27
|d c
|e dmitchel
|f 7:52:08 am
|
| 994 |
|
|
|a E0
|b TXA
|
| 999 |
|
|
|a MARS
|
| 999 |
f |
f |
|s 15f86a0a-728d-3242-9900-6f8752f40d42
|i 1cc94c85-2cd0-30d8-acea-c1dc163998b1
|t 0
|
| 952 |
f |
f |
|p normal
|a Texas A&M University
|b College Station
|c Sterling C. Evans Library
|d Evans: Library Stacks
|t 0
|e JC311 .S5392 2001
|h Library of Congress classification
|i unmediated -- volume
|m A14828472888
|
| 998 |
f |
f |
|a JC311 .S5392 2001
|t 0
|l Evans: Library Stacks
|